Asasul Akhlaaq (Record no. 1498)

MARC details
000 -LEADER
fixed length control field 00592nam a2200241 a 4500
020 ## - INTERNATIONAL STANDARD BOOK NUMBER
ISBN
082 00 - DEWEY DECIMAL CLASSIFICATION NUMBER
Classification number 297.5
Author Cutter KHA
100 ## - MAIN ENTRY--AUTHOR NAME
Author name Khan, Mirza Sultan Ahmed
245 ## - TITLE STATEMENT
Title Asasul Akhlaaq
260 ## - PUBLICATION, DISTRIBUTION, ETC. (IMPRINT)
Place of publication Amritsar
Name of publisher Rose Bazar Steam Press
Year of publication 0000
300 ## - PHYSICAL DESCRIPTION
Number of Pages 743p
500 ## - GENERAL NOTE
General note includes index and biblioraphy
505 2# - FORMATTED CONTENTS NOTE
Formatted contents note Appendix
650 ## - SUBJECT ADDED ENTRY--TOPICAL TERM
Topical Term Islam-Moral Theology
942 ## - ADDED ENTRY ELEMENTS (KOHA)
Koha item type Books
700 1# -
-- Khan, Mirza Sultan Ahmed
Holdings
Collection code Home library Current library Date acquired Cost, normal purchase price Full call number Accession Number Koha item type
  Henry Martyn Institute Library Henry Martyn Institute Library 07/03/2007 100.00 297.5 KHA 04236 Books
                   Copyright © 2026 | Henry Martyn Institute | Hyderabad | TS-500052 | INDIA | Implemented by hmi.edu.in
Hit-Count:

Powered by Koha